01012nam a2200241Ia 450000100060000000300090000600800410001504000130005604000130006904100130008210000260009510000290012124500590015024500580020925000110026726000100027826000130028826000490030130000430035050003300039365000160072365000310073918389IT-RoPAU130308s9999 xx 000 0 und d aIT-RoPAU cIT-RoPAU aFRANCESE aCorneille Jean-Pierre gCodice Aut. SPICS: 12721 aLinguistique structurale (La), sa portee, ses limites bLinguistique Structurale (La), Sa Portee, Ses Limites a1a ed. aPARIS bLarousse c1976 [1° Ed.:1976 - Ed.Ling.Originale:1976] a"256 p. (prefazione: no ; testo: 256)" aLinguistica Strutturale Autonomia della Lingua nella Linguistica Strutturale Rapporti tra Linguaggio e Logica Lingua e Visione del Mondo Hjelmslev e la Struttura Fondamentale del Linguaggio Due Assi e Due Piani del Linguaggio stratificazione del Linguaggio nozione di Struttura nella Linguistica Strutturale Struttura e Senso aLINGUISTICA eCodice materia Spics: 3201